| 000 | 00344nam a2200133Ia 4500 | ||
|---|---|---|---|
| 008 | 210210b1985 xxu||||| |||| 00| 0 eng d | ||
| 082 | _a001.64 OWEG | ||
| 100 | _aOWEN (Jan). | ||
| 245 | _aGetting the most from your computer. | ||
| 260 |
_aNY _bMcGraw-Hill Book Co. _c1985 |
||
| 300 | _axxii,425 | ||
| 690 | _aComputer Science | ||
| 906 | _a039332 | ||
| 999 |
_c89500 _d89500 |
||